[Event "Pathena NK jeugd 2015 - AB-meisjes"]
[Site "?"]
[Date "2015.05.02"]
[Round "1.8"]
[White "Den Dunnen, Lola"]
[Black "Boekhoudt, Nicolien"]
[Result "1-0"]
[BlackElo "1001"]
[WhiteElo "1671"]
[LiveChessVersion "1.4.6"]

1. d4 {[%clk 1:30:58]} d5 {[%clk 1:31:00]} 2. c4 {[%clk 1:31:22]} c6
{[%clk 1:30:01]} 3. cxd5 {[%clk 1:31:36]} cxd5 {[%clk 1:30:14]} 4. Nc3
{[%clk 1:31:58]} Nf6 {[%clk 1:30:00]} 5. Bf4 {[%clk 1:32:16]} Nc6
{[%clk 1:29:13]} 6. e3 {[%clk 1:31:55]} Bf5 {[%clk 1:28:17]} 7. Nf3
{[%clk 1:31:15]} a6 {[%clk 1:26:44]} 8. Be2 {[%clk 1:29:14]} e6 {[%clk 1:25:25]}
9. Nh4 {[%clk 1:26:06]} Bb4 {[%clk 1:22:24]} 10. Nxf5 {[%clk 1:25:53]} exf5
{[%clk 1:22:46]} 11. O-O {[%clk 1:21:50]} O-O {[%clk 1:21:54]} 12. Bg5
{[%clk 1:16:51]} Bxc3 {[%clk 1:21:07]} 13. bxc3 {[%clk 1:17:15]} Re8
{[%clk 1:19:43]} 14. Bf3 {[%clk 1:12:14]} Re6 {[%clk 1:18:45]} 15. Qc2
{[%clk 1:08:13]} Ne7 {[%clk 1:17:27]} 16. c4 {[%clk 1:00:36]} Rc8
{[%clk 1:16:29]} 17. c5 {[%clk 1:00:18]} b6 {[%clk 1:14:54]} 18. Rac1
{[%clk 0:55:00]} Rec6 {[%clk 1:13:13]} 19. Qb2 {[%clk 0:51:19]} bxc5
{[%clk 1:11:05]} 20. Bxf6 {[%clk 0:50:59]} Rxf6 {[%clk 1:09:49]} 21. Rxc5
{[%clk 0:48:02]} Rxc5 {[%clk 1:08:45]} 22. dxc5 {[%clk 0:48:26]} Rc6
{[%clk 1:07:13]} 23. Rc1 {[%clk 0:46:23]} Qa5 {[%clk 0:59:56]} 24. Bxd5
{[%clk 0:41:09]} Rc8 {[%clk 0:55:58]} 25. Bf3 {[%clk 0:40:48]} h6
{[%clk 0:55:24]} 26. Qc2 {[%clk 0:39:33]} g5 {[%clk 0:50:06]} 27. Bb7
{[%clk 0:37:26]} Rc7 {[%clk 0:48:12]} 28. c6 {[%clk 0:37:08]} Nd5
{[%clk 0:43:31]} 29. h3 {[%clk 0:30:02]} Qb5 {[%clk 0:42:37]} 30. Rb1
{[%clk 0:27:35]} Qa5 {[%clk 0:41:21]} 31. Qc4 {[%clk 0:25:31]} Nc3
{[%clk 0:38:26]} 32. Rc1 {[%clk 0:23:15]} Nxa2 {[%clk 0:36:46]} 33. Ra1
{[%clk 0:22:01]} Qb6 {[%clk 0:30:38]} 34. Qxa2 {[%clk 0:22:14]} Rxb7
{[%clk 0:30:28]} 35. cxb7 {[%clk 0:22:25]} Qxb7 {[%clk 0:30:57]} 36. Qxa6
{[%clk 0:22:37]} Qb2 {[%clk 0:30:32]} 37. Qc8+ {[%clk 0:22:20]} Kg7
{[%clk 0:30:29]} 38. Ra8 {[%clk 0:20:47]} Qb1+ {[%clk 0:30:25]} 39. Kh2
{[%clk 0:21:07]} Qb6 {[%clk 0:28:42]} 40. Qb8 {[%clk 0:19:23]} Qe6
{[%clk 0:25:19]} 41. Qh8+ {[%clk 0:17:05]} Kg6 {[%clk 0:25:34]} 42. Qa1
{[%clk 0:16:06]} Qd6+ {[%clk 0:25:16]} 43. Kg1 {[%clk 0:16:34]} Qd7
{[%clk 0:24:37]} 44. Ra6+ {[%clk 0:16:51]} Kh5 {[%clk 0:24:23]} 45. Qf6
{[%clk 0:17:02]} Qd1+ {[%clk 0:23:50]} 46. Kh2 {[%clk 0:17:25]} Kh4
{[%clk 0:24:06]} 47. Qxh6+ {[%clk 0:17:47]} Qh5 {[%clk 0:24:34]} 48. g3#
{[%clk 0:18:08]} 1-0

[Event "Pathena NK jeugd 2015 - AB-meisjes"]
[Site "Rotterdam"]
[Date "2015.05.03"]
[Round "2.3"]
[White "Dubbeldam, Lydia (B)"]
[Black "Den Dunnen, Lola (B)"]
[Result "0-1"]
[BlackElo "1671"]
[WhiteElo "1805"]
[LiveChessVersion "1.4.6"]

1. e4 {[%clk 1:30:58]} e5 {[%clk 1:30:59]} 2. Nf3 {[%clk 1:31:20]} Nc6
{[%clk 1:31:25]} 3. d4 {[%clk 1:31:43]} exd4 {[%clk 1:31:51]} 4. Nxd4
{[%clk 1:32:07]} Bc5 {[%clk 1:32:16]} 5. Be3 {[%clk 1:32:27]} Qf6
{[%clk 1:32:41]} 6. Nb5 {[%clk 1:32:49]} Bxe3 {[%clk 1:32:18]} 7. fxe3
{[%clk 1:33:07]} Qh4+ {[%clk 1:32:41]} 8. g3 {[%clk 1:33:28]} Qd8
{[%clk 1:33:04]} 9. Qg4 {[%clk 1:33:47]} g6 {[%clk 1:33:18]} 10. Qf4
{[%clk 1:34:05]} d6 {[%clk 1:31:58]} 11. N1c3 {[%clk 1:34:02]} a6
{[%clk 1:29:54]} 12. Nd4 {[%clk 1:34:11]} Ne5 {[%clk 1:30:03]} 13. Be2
{[%clk 1:33:56]} Bh3 {[%clk 1:28:54]} 14. O-O-O {[%clk 1:33:21]} Qd7
{[%clk 1:25:16]} 15. Nd5 {[%clk 1:17:15]} O-O-O {[%clk 1:17:52]} 16. c4
{[%clk 1:01:24]} Ne7 {[%clk 1:08:44]} 17. Kb1 {[%clk 0:58:42]} Nxd5
{[%clk 1:01:45]} 18. exd5 {[%clk 0:56:37]} Qa4 {[%clk 0:56:55]} 19. Rc1
{[%clk 0:52:55]} Nd7 {[%clk 0:45:16]} 20. Qh4 {[%clk 0:43:53]} Bf5+
{[%clk 0:42:14]} 21. e4 {[%clk 0:42:55]} g5 {[%clk 0:40:43]} 22. Qxg5
{[%clk 0:37:40]} Bxe4+ {[%clk 0:41:02]} 23. Ka1 {[%clk 0:37:55]} Bxh1
{[%clk 0:41:12]} 24. Rxh1 {[%clk 0:38:17]} Rde8 {[%clk 0:38:33]} 25. Qf4
{[%clk 0:34:17]} Ne5 {[%clk 0:37:11]} 26. Rc1 {[%clk 0:28:59]} Kb8
{[%clk 0:30:44]} 27. a3 {[%clk 0:25:05]} Qd7 {[%clk 0:26:33]} 28. Rc3
{[%clk 0:22:19]} Ng6 {[%clk 0:24:35]} 29. Qf2 {[%clk 0:18:48]} Ne5
{[%clk 0:20:23]} 30. Nf5 {[%clk 0:14:07]} Qd8 {[%clk 0:18:44]} 31. Nh6
{[%clk 0:11:53]} Qe7 {[%clk 0:18:22]} 32. Qf5 {[%clk 0:04:26]} Ng6
{[%clk 0:17:14]} 33. Bh5 {[%clk 0:03:50]} Rhf8 {[%clk 0:16:00]} 34. Ng4
{[%clk 0:03:24]} Qe1+ {[%clk 0:16:06]} 35. Ka2 {[%clk 0:02:15]} Ka8
{[%clk 0:09:23]} 36. Nf6 {[%clk 0:01:19]} Re5 {[%clk 0:08:59]} 37. Qf3
{[%clk 0:01:22]} Re7 {[%clk 0:07:05]} 38. Nxh7 {[%clk 0:01:21]} Rh8
{[%clk 0:06:57]} 39. Ng5 {[%clk 0:00:58]} Ne5 {[%clk 0:05:07]} 40. Qf6
{[%clk 0:01:03]} Rhe8 {[%clk 0:04:49]} 41. Nxf7 {[%clk 0:00:53]} Nxf7
{[%clk 0:05:01]} 42. Bxf7 {[%clk 0:01:17]} Rf8 {[%clk 0:05:02]} 43. Rf3
{[%clk 0:08:55]} Rexf7 {[%clk 0:14:06]} 44. Qxf7 {[%clk 0:09:13]} Rxf7
{[%clk 0:14:34]} 45. Rxf7 {[%clk 0:09:41]} Qe2 {[%clk 0:14:46]} 46. Rf4
{[%clk 0:09:17]} Qxh2 {[%clk 0:15:05]} 47. Rf3 {[%clk 0:09:29]} Qg2
{[%clk 0:14:59]} 48. Rc3 {[%clk 0:09:31]} Ka7 {[%clk 0:15:15]} 49. Kb3
{[%clk 0:09:33]} b5 {[%clk 0:15:21]} 50. cxb5 {[%clk 0:09:07]} Qxd5+
{[%clk 0:15:41]} 51. Kc2 {[%clk 0:09:18]} Qe4+ {[%clk 0:13:29]} 52. Kc1
{[%clk 0:08:46]} axb5 {[%clk 0:12:45]} 53. Rxc7+ {[%clk 0:09:07]} Kb6
{[%clk 0:13:10]} 54. Rc3 {[%clk 0:08:52]} d5 {[%clk 0:13:26]} 55. Kd2
{[%clk 0:06:47]} d4 {[%clk 0:12:28]} 56. Rd3 {[%clk 0:06:43]} Kc5
{[%clk 0:12:34]} 57. b3 {[%clk 0:06:46]} Qg2+ {[%clk 0:12:06]} 58. Ke1
{[%clk 0:06:24]} Qc2 {[%clk 0:12:06]} 59. b4+ {[%clk 0:05:16]} Kc4
{[%clk 0:12:06]} 60. Rd2 {[%clk 0:05:36]} Qc1+ {[%clk 0:12:03]} 61. Ke2
{[%clk 0:05:45]} Qxa3 {[%clk 0:11:45]} 0-1

[Event "Pathena NK jeugd 2015 - AB-meisjes"]
[Site "Rotterdam"]
[Date "2015.05.03"]
[Round "3.2"]
[White "Den Dunnen, Lola (B)"]
[Black "De Jong, Eliza (B)"]
[Result "1-0"]
[BlackElo "1150"]
[WhiteElo "1671"]
[LiveChessVersion "1.4.6"]

1. d4 {[%clk 1:30:59]} d5 {[%clk 1:30:55]} 2. c4 {[%clk 1:31:24]} e6
{[%clk 1:31:20]} 3. Nc3 {[%clk 1:31:51]} Nf6 {[%clk 1:31:44]} 4. cxd5
{[%clk 1:32:16]} exd5 {[%clk 1:32:04]} 5. Bg5 {[%clk 1:32:41]} Be7
{[%clk 1:32:18]} 6. Qc2 {[%clk 1:32:51]} Be6 {[%clk 1:31:17]} 7. e3
{[%clk 1:32:45]} Nbd7 {[%clk 1:31:08]} 8. Bd3 {[%clk 1:32:16]} c6
{[%clk 1:29:56]} 9. Nf3 {[%clk 1:31:05]} Qc7 {[%clk 1:28:12]} 10. O-O
{[%clk 1:28:36]} Bd6 {[%clk 1:20:43]} 11. e4 {[%clk 1:23:14]} dxe4
{[%clk 1:18:31]} 12. Nxe4 {[%clk 1:23:06]} Nxe4 {[%clk 1:18:45]} 13. Bxe4
{[%clk 1:23:26]} h6 {[%clk 1:16:19]} 14. Bd2 {[%clk 1:23:01]} Nf6
{[%clk 1:15:34]} 15. Bf5 {[%clk 1:22:38]} Bxf5 {[%clk 1:15:23]} 16. Qxf5
{[%clk 1:22:58]} O-O {[%clk 1:15:42]} 17. Bxh6 {[%clk 1:18:48]} Qd7
{[%clk 1:11:43]} 18. Qxd7 {[%clk 1:11:54]} Nxd7 {[%clk 1:09:04]} 19. Bg5
{[%clk 1:11:46]} Rfe8 {[%clk 1:08:21]} 20. Rfe1 {[%clk 1:11:58]} Bb4
{[%clk 1:08:44]} 21. Rxe8+ {[%clk 1:09:38]} Rxe8 {[%clk 1:09:09]} 22. a3
{[%clk 1:09:58]} Ba5 {[%clk 1:09:31]} 23. b4 {[%clk 1:10:22]} Bb6
{[%clk 1:09:57]} 24. Kf1 {[%clk 1:09:29]} Nf8 {[%clk 1:08:31]} 25. Rd1
{[%clk 1:08:23]} Ne6 {[%clk 1:05:29]} 26. Be3 {[%clk 1:07:24]} Nc7
{[%clk 1:04:50]} 27. Ne5 {[%clk 1:03:44]} Rd8 {[%clk 1:04:45]} 28. Nc4
{[%clk 1:02:10]} Nd5 {[%clk 1:04:07]} 29. Nxb6 {[%clk 1:00:31]} Nxe3+
{[%clk 1:01:15]} 30. fxe3 {[%clk 1:00:54]} axb6 {[%clk 1:01:40]} 31. Ke2
{[%clk 0:59:39]} f5 {[%clk 1:01:49]} 32. h3 {[%clk 0:58:55]} Kf7 {[%clk 1:01:57]}
33. Rf1 {[%clk 0:58:43]} Ke6 {[%clk 1:02:15]} 34. Kf3 {[%clk 0:46:56]} Ra8
{[%clk 1:02:12]} 35. Ra1 {[%clk 0:46:44]} g6 {[%clk 1:02:23]} 36. Kf4
{[%clk 0:43:10]} Kf6 {[%clk 1:02:30]} 37. a4 {[%clk 0:41:08]} g5+
{[%clk 1:02:37]} 38. Kf3 {[%clk 0:41:25]} Ke6 {[%clk 1:02:53]} 39. g4
{[%clk 0:40:09]} fxg4+ {[%clk 1:02:58]} 40. Kxg4 {[%clk 0:40:02]} Kf6
{[%clk 1:02:54]} 41. a5 {[%clk 0:38:51]} bxa5 {[%clk 1:02:42]} 42. Rxa5
{[%clk 0:38:13]} Rxa5 {[%clk 1:02:58]} 43. bxa5 {[%clk 0:38:39]} Ke6
{[%clk 1:02:53]} 44. Kxg5 {[%clk 0:38:38]} Kd5 {[%clk 1:03:16]} 45. h4
{[%clk 0:37:35]} Ke4 {[%clk 1:03:19]} 46. h5 {[%clk 0:37:37]} Kxe3
{[%clk 1:03:43]} 47. h6 {[%clk 0:37:55]} Kxd4 {[%clk 1:04:05]} 48. h7
{[%clk 0:38:17]} c5 {[%clk 1:04:31]} 49. h8=Q+ {[%clk 0:38:40]} Kd5
{[%clk 1:04:50]} 50. Qc3 {[%clk 0:38:51]} c4 {[%clk 1:05:10]} 51. Kf5
{[%clk 0:38:58]} Kc5 {[%clk 1:05:20]} 52. Ke5 {[%clk 0:39:17]} 1-0

[Event "Pathena NK jeugd 2015 - AB-meisjes"]
[Site "Rotterdam"]
[Date "2015.05.04"]
[Round "4.1"]
[White "Kazarian, Anna-Maja (B)"]
[Black "Den Dunnen, Lola (B)"]
[Result "1-0"]
[BlackElo "1671"]
[WhiteElo "2106"]
[LiveChessVersion "1.4.6"]

1. e4 {[%clk 1:30:58]} e5 {[%clk 1:30:59]} 2. Nf3 {[%clk 1:31:22]} Nc6
{[%clk 1:31:24]} 3. Bb5 {[%clk 1:31:48]} a6 {[%clk 1:31:49]} 4. Ba4
{[%clk 1:32:15]} Nf6 {[%clk 1:32:12]} 5. O-O {[%clk 1:32:40]} Be7
{[%clk 1:32:37]} 6. Re1 {[%clk 1:33:04]} b5 {[%clk 1:33:00]} 7. Bb3
{[%clk 1:33:30]} d6 {[%clk 1:33:21]} 8. c3 {[%clk 1:33:56]} O-O {[%clk 1:33:45]}
9. d3 {[%clk 1:34:02]} Bg4 {[%clk 1:31:54]} 10. Nbd2 {[%clk 1:34:18]} Na5
{[%clk 1:31:24]} 11. Bc2 {[%clk 1:34:41]} c5 {[%clk 1:31:04]} 12. h3
{[%clk 1:34:52]} Bh5 {[%clk 1:28:57]} 13. Nf1 {[%clk 1:35:12]} Nc6
{[%clk 1:24:50]} 14. Ng3 {[%clk 1:34:12]} Bg6 {[%clk 1:25:04]} 15. Nh4
{[%clk 1:34:18]} Ne8 {[%clk 1:19:00]} 16. Nhf5 {[%clk 1:33:59]} Bg5
{[%clk 1:17:50]} 17. Qf3 {[%clk 1:19:12]} Bxc1 {[%clk 1:15:49]} 18. Raxc1
{[%clk 1:19:36]} Bxf5 {[%clk 1:06:59]} 19. Nxf5 {[%clk 1:19:39]} Ne7
{[%clk 1:02:13]} 20. Kh2 {[%clk 1:08:01]} Nxf5 {[%clk 0:59:28]} 21. exf5
{[%clk 1:08:24]} Rc8 {[%clk 0:58:06]} 22. Rcd1 {[%clk 0:51:32]} Qa5
{[%clk 0:53:38]} 23. Bb1 {[%clk 0:44:38]} Nf6 {[%clk 0:50:55]} 24. g4
{[%clk 0:44:32]} Nd7 {[%clk 0:47:40]} 25. g5 {[%clk 0:43:39]} b4 {[%clk 0:46:36]}
26. c4 {[%clk 0:41:57]} Qc7 {[%clk 0:42:41]} 27. f6 {[%clk 0:36:42]} e4
{[%clk 0:38:23]} 28. Qg3 {[%clk 0:31:17]} Ne5 {[%clk 0:34:01]} 29. Rxe4
{[%clk 0:30:31]} Rce8 {[%clk 0:31:41]} 30. fxg7 {[%clk 0:30:04]} Kxg7
{[%clk 0:31:50]} 31. Rde1 {[%clk 0:28:25]} Nf3+ {[%clk 0:28:40]} 32. Qxf3
{[%clk 0:28:48]} d5+ {[%clk 0:29:05]} 33. Re5 {[%clk 0:29:10]} f6
{[%clk 0:26:32]} 34. gxf6+ {[%clk 0:29:19]} Rxf6 {[%clk 0:26:53]} 35. Qg3+
{[%clk 0:29:08]} Rg6 {[%clk 0:25:45]} 36. Rxe8 {[%clk 0:29:18]} Rxg3
{[%clk 0:24:54]} 37. R8e7+ {[%clk 0:29:41]} Qxe7 {[%clk 0:25:12]} 38. Rxe7+
{[%clk 0:30:06]} Kf6 {[%clk 0:25:37]} 39. Kxg3 {[%clk 0:30:26]} Kxe7
{[%clk 0:26:01]} 40. Kf4 {[%clk 0:30:42]} 1-0

[Event "Pathena NK jeugd 2015 - AB-meisjes"]
[Site "Rotterdam"]
[Date "2015.05.05"]
[Round "5.2"]
[White "Den Dunnen, Lola (B)"]
[Black "Lacourt, Fréderique"]
[Result "1-0"]
[BlackElo "1697"]
[WhiteElo "1671"]
[LiveChessVersion "1.4.6"]

1. d4 {[%clk 1:30:58]} Nf6 {[%clk 1:30:52]} 2. c4 {[%clk 1:31:23]} c5
{[%clk 1:31:12]} 3. d5 {[%clk 1:31:48]} e6 {[%clk 1:31:31]} 4. Nc3
{[%clk 1:32:13]} exd5 {[%clk 1:31:05]} 5. cxd5 {[%clk 1:32:35]} d6
{[%clk 1:31:24]} 6. e4 {[%clk 1:33:00]} a6 {[%clk 1:30:35]} 7. a4
{[%clk 1:31:53]} g6 {[%clk 1:30:50]} 8. h3 {[%clk 1:30:48]} Bg7 {[%clk 1:30:16]}
9. Nf3 {[%clk 1:31:08]} O-O {[%clk 1:28:48]} 10. Bd3 {[%clk 1:27:06]} Re8
{[%clk 1:20:47]} 11. O-O {[%clk 1:27:14]} Nbd7 {[%clk 1:08:52]} 12. Bf4
{[%clk 1:19:45]} Ne5 {[%clk 1:00:35]} 13. Nxe5 {[%clk 1:15:52]} dxe5
{[%clk 1:01:01]} 14. Be3 {[%clk 1:15:37]} Qd6 {[%clk 0:50:55]} 15. Qc2
{[%clk 1:13:44]} Bd7 {[%clk 0:31:32]} 16. a5 {[%clk 1:11:36]} Rec8
{[%clk 0:29:10]} 17. Nb1 {[%clk 1:01:19]} Bb5 {[%clk 0:26:54]} 18. Na3
{[%clk 0:58:12]} Bxd3 {[%clk 0:25:01]} 19. Qxd3 {[%clk 0:58:28]} Nd7
{[%clk 0:24:08]} 20. Nc4 {[%clk 0:57:38]} Qf6 {[%clk 0:22:37]} 21. Rfb1
{[%clk 0:48:57]} Rc7 {[%clk 0:16:56]} 22. b4 {[%clk 0:45:53]} Bf8
{[%clk 0:08:38]} 23. b5 {[%clk 0:43:11]} Rd8 {[%clk 0:04:32]} 24. Rb2
{[%clk 0:39:39]} axb5 {[%clk 0:04:34]} 25. Rxb5 {[%clk 0:39:52]} Qa6
{[%clk 0:04:52]} 26. Rab1 {[%clk 0:39:49]} Rb8 {[%clk 0:04:25]} 27. Qc3
{[%clk 0:34:16]} Qf6 {[%clk 0:04:09]} 28. Nb6 {[%clk 0:29:52]} Qd6
{[%clk 0:02:57]} 29. Qb2 {[%clk 0:28:44]} f6 {[%clk 0:02:53]} 30. Nxd7
{[%clk 0:28:09]} Qxd7 {[%clk 0:03:17]} 31. Rb6 {[%clk 0:28:04]} Be7
{[%clk 0:03:32]} 32. a6 {[%clk 0:28:10]} Kf7 {[%clk 0:03:02]} 33. a7
{[%clk 0:26:02]} Ra8 {[%clk 0:03:30]} 34. Qd2 {[%clk 0:23:31]} Bd6
{[%clk 0:03:40]} 35. Qa5 {[%clk 0:20:50]} f5 {[%clk 0:03:15]} 36. f3
{[%clk 0:19:27]} f4 {[%clk 0:03:35]} 37. Bf2 {[%clk 0:19:15]} Be7
{[%clk 0:03:48]} 38. R6b5 {[%clk 0:15:12]} Bd6 {[%clk 0:03:55]} 39. Bxc5
{[%clk 0:13:46]} Bxc5+ {[%clk 0:03:43]} 40. Rxc5 {[%clk 0:14:07]} Rxc5
{[%clk 0:02:30]} 41. Qxc5 {[%clk 0:14:31]} b6 {[%clk 0:02:32]} 42. Qxb6
{[%clk 0:14:03]} Rxa7 {[%clk 0:02:43]} 43. Qb8 {[%clk 0:14:08]} Kg7
{[%clk 0:01:27]} 44. Qxe5+ {[%clk 0:14:26]} 1-0

[Event "Pathena NK jeugd 2015 - AB-meisjes"]
[Site "Rotterdam"]
[Date "2015.05.06"]
[Round "6.2"]
[White "Waardenburg, Lisanne"]
[Black "Den Dunnen, Lola (B)"]
[Result "0-1"]
[BlackElo "1671"]
[WhiteElo "1760"]
[LiveChessVersion "1.4.6"]

1. e4 {[%clk 1:30:58]} e5 {[%clk 1:30:58]} 2. Nf3 {[%clk 1:31:16]} Nc6
{[%clk 1:31:23]} 3. d4 {[%clk 1:31:30]} exd4 {[%clk 1:31:46]} 4. Bc4
{[%clk 1:31:50]} Nf6 {[%clk 1:32:10]} 5. e5 {[%clk 1:32:07]} Ne4 {[%clk 1:32:30]}
6. Qe2 {[%clk 1:31:40]} Nc5 {[%clk 1:30:11]} 7. O-O {[%clk 1:31:05]} Be7
{[%clk 1:29:18]} 8. Rd1 {[%clk 1:29:55]} Ne6 {[%clk 1:27:24]} 9. Bxe6
{[%clk 1:29:42]} dxe6 {[%clk 1:18:41]} 10. Be3 {[%clk 1:27:15]} Bd7
{[%clk 1:15:39]} 11. Bxd4 {[%clk 1:25:43]} Nxd4 {[%clk 1:12:40]} 12. Nxd4
{[%clk 1:25:04]} O-O {[%clk 1:11:47]} 13. Nc3 {[%clk 1:22:47]} Qc8
{[%clk 1:09:11]} 14. Rd3 {[%clk 1:18:18]} a6 {[%clk 0:59:06]} 15. Rad1
{[%clk 1:15:55]} Rd8 {[%clk 0:58:51]} 16. Ne4 {[%clk 1:09:46]} c5
{[%clk 0:49:23]} 17. Rc3 {[%clk 1:02:37]} Qb8 {[%clk 0:47:35]} 18. Nxc5
{[%clk 0:59:09]} Be8 {[%clk 0:43:09]} 19. Ncb3 {[%clk 0:50:03]} Rd5
{[%clk 0:37:35]} 20. Re3 {[%clk 0:46:01]} Qc7 {[%clk 0:32:55]} 21. Re1
{[%clk 0:39:18]} Rad8 {[%clk 0:26:24]} 22. c3 {[%clk 0:38:37]} b5
{[%clk 0:23:20]} 23. Qg4 {[%clk 0:35:39]} a5 {[%clk 0:22:12]} 24. Nc1
{[%clk 0:29:37]} b4 {[%clk 0:21:35]} 25. Nce2 {[%clk 0:29:54]} bxc3
{[%clk 0:21:25]} 26. bxc3 {[%clk 0:28:33]} Rxe5 {[%clk 0:19:16]} 27. Rg3
{[%clk 0:26:39]} Rg5 {[%clk 0:18:24]} 28. Qe4 {[%clk 0:26:09]} Rxg3
{[%clk 0:18:25]} 29. Nxg3 {[%clk 0:26:12]} Bf6 {[%clk 0:17:11]} 30. Nh5
{[%clk 0:23:45]} Qxc3 {[%clk 0:15:38]} 31. Nxf6+ {[%clk 0:19:37]} gxf6
{[%clk 0:15:50]} 32. Qg4+ {[%clk 0:19:53]} Kh8 {[%clk 0:15:18]} 33. Nf3
{[%clk 0:19:35]} Bc6 {[%clk 0:14:31]} 34. Rb1 {[%clk 0:12:58]} Bxf3
{[%clk 0:14:44]} 35. Qxf3 {[%clk 0:13:22]} Qxf3 {[%clk 0:14:14]} 36. gxf3
{[%clk 0:13:43]} Rd2 {[%clk 0:14:24]} 37. Ra1 {[%clk 0:13:53]} a4
{[%clk 0:14:27]} 38. a3 {[%clk 0:13:57]} Rd3 {[%clk 0:14:37]} 39. Kg2
{[%clk 0:14:15]} Kg7 {[%clk 0:14:48]} 40. Ra2 {[%clk 0:14:23]} Kg6
{[%clk 0:14:55]} 41. Kg3 {[%clk 0:14:30]} e5 {[%clk 0:14:47]} 42. Kg2
{[%clk 0:11:14]} Kg5 {[%clk 0:14:42]} 43. h3 {[%clk 0:09:23]} h5 {[%clk 0:14:41]}
44. Ra1 {[%clk 0:09:27]} Kf4 {[%clk 0:13:27]} 45. Rb1 {[%clk 0:09:34]} Rxa3
{[%clk 0:13:19]} 46. Rb7 {[%clk 0:09:51]} f5 {[%clk 0:12:42]} 47. Rxf7
{[%clk 0:09:02]} Rb3 {[%clk 0:12:49]} 48. Ra7 {[%clk 0:09:10]} a3
{[%clk 0:12:46]} 49. Ra4+ {[%clk 0:09:12]} e4 {[%clk 0:12:01]} 50. fxe4
{[%clk 0:09:21]} fxe4 {[%clk 0:12:19]} 51. Ra5 {[%clk 0:08:48]} h4
{[%clk 0:12:38]} 52. Ra4 {[%clk 0:08:38]} Ke5 {[%clk 0:11:52]} 53. Ra5+
{[%clk 0:08:45]} Kd4 {[%clk 0:11:50]} 54. Ra4+ {[%clk 0:08:00]} Kd3
{[%clk 0:12:06]} 55. f4 {[%clk 0:06:25]} Rb2+ {[%clk 0:12:12]} 56. Kf1
{[%clk 0:06:20]} a2 {[%clk 0:12:35]} 0-1